000 00714nam a2200265Ia 4500
005 20260121165402.0
008 008 260114s9999 xx 000 0 eng d
020 _a9783319417691
037 _aEBOOK
040 _aCRL
040 _beng
040 _cCRL
041 _2eng
041 _aeng
084 _qCRL
100 _aColin Allison, Leonel Morgado, Johanna Pirker, Dennis Beck, Jonathon Richter, Christian Gütl
_91051061
245 0 _aImmersive Learning Research Network
260 _bSpringer
260 _bSpringer
260 _c2016
856 _uhttps://link.springer.com/openurl?genre=book&isbn=978-3-319-41769-1
942 _cEBOOK
999 _c1616786
_d1616786